| 000 | 00627cam a2200217u 4500 | ||
|---|---|---|---|
| 999 |
_c6858 _d6858 |
||
| 001 | 7844922 | ||
| 003 | GBCCL | ||
| 005 | 20241126110613.0 | ||
| 008 | 820225s1863 ohu 000 0 eng | ||
| 010 | _a 39032781 | ||
| 040 |
_aDLC _cCarP _dDLC |
||
| 050 | 0 | 0 |
_aBS2625 _b.M2 1863 |
| 082 |
_a226.607 _bMCG |
||
| 100 | 1 |
_aMcGarvey, J. W. _q(John William), _d1829-1911. _9588 |
|
| 245 | 0 | 2 | _aA commentary on Acts of apostles, |
| 260 |
_aCincinnati, _bWrightson & co., _c1863. |
||
| 300 |
_a297 p. _c20 cm. |
||
| 630 | 0 | 0 |
_aBible. _pActs _vCommentaries. _95575 |
| 906 |
_a0 _bcbc _cpremunv _du _encip _f19 _gy-gencatlg |
||
| 942 |
_2ddc _cREF |
||